000 00281nam a22001217a 4500
008 170519b xxu||||| |||| 00| 0 eng d
041 _aeng
080 _a94(7/8)
100 _a16
101 _aSHH
245 _aTHE UNITED STATES OF AMERICA A HISTORY
_cPERKINS,D
942 _2udc
_cBK
999 _c13468
_d13468